Procesos vasculares quirúrgicos del encéfalo / (Record no. 176078)

MARC details
000 -LEADER
campo de control de longitud fija 00994nam a22002415i 4500
001 - NÚMERO DE CONTROL
campo de control 176078
003 - IDENTIFICADOR DE NÚMERO DE CONTROL
campo de control ES-MaACL
005 - FECHA Y HORA DE LA ÚLTIMA TRANSACCIÓN
campo de control 20250812171206.0
008 - DATOS DE LONGITUD FIJA--INFORMACIÓN GENERAL
campo de control de longitud fija 101215s1954 sp |||| | spa d
080 ## - NÚMERO DE LA CLASIFICACIÓN DECIMAL UNIVERSAL
Número de la Clasificación Decimal Universal 616.831-005
245 00 - MENCIÓN DEL TÍTULO
Título Procesos vasculares quirúrgicos del encéfalo /
Mención de responsabilidad, etc. por S. Obrador Alcalde.
260 ## - PUBLICACIÓN, DISTRIBUCIÓN, ETC.
Lugar de publicación, distribución, etc. Madrid :
Nombre del editor, distribuidor, etc. Servicio de Medicina Interna Hospital Militar "Gómez Ulla",
Fecha de publicación, distribución, etc. 1954.
300 ## - DESCRIPCIÓN FÍSICA
Extensión 18 p. ;
Dimensiones 17 cm.
490 1# - MENCIÓN DE SERIE
Mención de serie Cuadernos de medicina interna ;
Designación de volumen o secuencia 21
500 ## - NOTA GENERAL
Nota general Conferencia para el Curso de Patología del Encéfalo, organizado por el Servicio de Medicina Interna del Hospital Militar "Gómez Ulla"
504 ## - NOTA DE BIBLIOGRAFÍA, ETC.
Nota de bibliografía, etc. Bibliografía: p. 17-18.
650 07 - PUNTO DE ACCESO ADICIONAL DE MATERIA--TÉRMINO DE MATERIA
Término de materia o nombre geográfico como elemento de entrada Enfermedades cerebrovasculares
Fuente del encabezamiento o término embne
9 (RLIN) 144320
700 1# - ENTRADA AGREGADA--NOMBRE PERSONAL
Nombre de persona Obrador Alcalde, Sixto,
Fechas asociadas al nombre 1911-1978
9 (RLIN) 86417
710 2# - ENTRADA AGREGADA--NOMBRE DE ENTIDAD CORPORATIVA
Nombre de entidad corporativa o nombre de jurisdicción como elemento de entrada Hospital Militar Central "Gómez Ulla"
9 (RLIN) 141700
830 0# - PUNTO DE ACCESO ADICIONAL DE SERIE-TÍTULO UNIFORME
Título uniforme Cuadernos de medicina interna ;
Designación de volumen o secuencia 21
9 (RLIN) 183827
852 ## - LOCALIZACIÓN
Ubicación ES-MaACL
Número de control de estantería 2086-F-8
Holdings
Estatus retirado Estado de pérdida Estado de daño No para préstamo Colección Biblioteca de origen Biblioteca actual Ubicación en estantería Fecha de adquisición Fuente de adquisición Total de préstamos Signatura topográfica completa Código de barras Visto por última vez Precio de reemplazo Tipo de ítem Koha
        Colección de folletos Biblioteca del Ateneo de Madrid Biblioteca del Ateneo de Madrid Depósito folletos 15/12/2010     2086-F-8 1184919 23/02/2023 23/02/2023 Folleto